Tramlinien Basel #3 - Statistiken

Allgemein
  • Dieses Quiz wurde 20 mal gespielt
  • Das Durchschnittsergebnis liegt bei 50 aus 103
Antwortstatistiken
Linie Haltestelle % Korrekt
Barfüsserplatz
92%
Marktplatz
92%
Schifflände
92%
Aeschenplatz
83%
Bankverein
83%
Claraplatz
83%
Binningen, Schloss
75%
Bottmingen, Schloss
75%
Clarastrasse
75%
Messeplatz
75%
Rheingasse
75%
St. Jakob
75%
Theater
75%
Dreirosenbrücke
67%
Heuwaage
67%
Muttenz, Dorf
67%
Ettingen
58%
Kaserne
58%
Zoo
58%
21 Badischer Bahnhof
50%
Ciba
50%
Gewerbeschule
50%
Karl Barth-Platz
50%
Novartis Campus
50%
Oberwil, Zentrum
50%
14 Pratteln, Schlossstrasse
50%
Riehenring
50%
Therwil, Zentrum
50%
17 Wiesenplatz
50%
Binningen, Dorenbach
42%
Bläsiring
42%
Brombacherstrasse
42%
Feldbergstrasse
42%
Musical Theater
42%
Oberwil, Hüslimatt
42%
Voltaplatz
42%
Zeughaus
42%
Bahnhof St. Johann
33%
Bruderholz
33%
Denkmal
33%
Grellingerstrasse
33%
Markthalle
33%
Muttenz, Käppeli
33%
Muttenz, Zum Park
33%
Tellplatz
33%
Binningen, Bottmingermühle
25%
Binningen, Oberdorf
25%
Bottmingen, Batteriestrasse
25%
Bruderholzstrasse
25%
Hardstrasse
25%
Heiliggeistkirche
25%
Muttenz, Freidorf
25%
Pratteln, Bahnhofstrasse
25%
Sevogelplatz
25%
IWB
17%
Muttenz, Lachmatt
17%
Oberwil, Stallen
17%
Solothurnerstrasse
17%
Wolfschlucht
17%
Airolostrasse
8%
Bahnhofeingang Gundeldingen
8%
Grosspeterstrasse
8%
Jakobsberg
8%
Leimgrubenweg
8%
Muttenz, Rothausstrasse
8%
Pratteln, Gempenstrasse
8%
Pratteln, Kästeli
8%
Studio Basel
8%
Therwil, Känelmatt
8%
Hauensteinstrasse
0%
Hechtliacker
0%
Lerchenstrasse
0%
Mönchsbergerstrasse
0%
Muttenz, Schützenstrasse
0%
Zwinglihaus
0%
Keine übereinstimmenden Quizze gefunden
Verteilung der Resultate
Anzahl Personen mit jedem Resultat
Perzentil nach korrekt beantworteten Fragen
Ihre Resultats-Entwicklung
Sie haben dieses Quiz noch nicht gespielt